Guess the BFB Contestants starting with F - Statistics

General Stats
  • This quiz has been taken 201 times
  • The average score is 5 of 6
Answer Stats
F Name % Correct
1 Fanny
86%
2 Firey
82%
4 Flower
80%
3 Firey Jr.
74%
6 Fries
72%
5 Foldy
68%
No matching quizzes found
Score Distribution
Percent of People with Each Score
Percentile by Number Answered
Your Score History
You have not taken this quiz